Computational Intelligence and Intelligent Systems 9th International Symposium, ISICA 2017, Guangzhou, China, November 18-19, 2017, Revised Selected Papers, Part I /

This two-volume set (CCIS 873 and CCIS 874) constitutes the thoroughly refereed proceedings of the 9th International Symposium, ISICA 2017, held in Guangzhou, China, in November 2017. The 101 full papers presented in both volumes were carefully reviewed and selected from 181 submissions. This first...

Full description

Bibliographic Details
Corporate Author: SpringerLink (Online service)
Other Authors: Li, Kangshun (Editor, http://id.loc.gov/vocabulary/relators/edt), Li, Wei (Editor, http://id.loc.gov/vocabulary/relators/edt), Chen, Zhangxing (Editor, http://id.loc.gov/vocabulary/relators/edt), Liu, Yong (Editor, http://id.loc.gov/vocabulary/relators/edt)
Format: Electronic eBook
Language:English
Published: Singapore : Springer Singapore : Imprint: Springer, 2018.
Edition:1st ed. 2018.
Series:Communications in Computer and Information Science, 873
Subjects:
Online Access:Full Text via HEAL-Link
LEADER 03474nam a2200553 4500
001 978-981-13-1648-7
003 DE-He213
005 20191023111649.0
007 cr nn 008mamaa
008 180720s2018 si | s |||| 0|eng d
020 |a 9789811316487  |9 978-981-13-1648-7 
024 7 |a 10.1007/978-981-13-1648-7  |2 doi 
040 |d GrThAP 
050 4 |a Q334-342 
072 7 |a UYQ  |2 bicssc 
072 7 |a COM004000  |2 bisacsh 
072 7 |a UYQ  |2 thema 
082 0 4 |a 006.3  |2 23 
245 1 0 |a Computational Intelligence and Intelligent Systems  |h [electronic resource] :  |b 9th International Symposium, ISICA 2017, Guangzhou, China, November 18-19, 2017, Revised Selected Papers, Part I /  |c edited by Kangshun Li, Wei Li, Zhangxing Chen, Yong Liu. 
250 |a 1st ed. 2018. 
264 1 |a Singapore :  |b Springer Singapore :  |b Imprint: Springer,  |c 2018. 
300 |a XIX, 603 p. 180 illus.  |b online resource. 
336 |a text  |b txt  |2 rdacontent 
337 |a computer  |b c  |2 rdamedia 
338 |a online resource  |b cr  |2 rdacarrier 
347 |a text file  |b PDF  |2 rda 
490 1 |a Communications in Computer and Information Science,  |x 1865-0929 ;  |v 873 
505 0 |a Neural networks and statistical learning -- Evolutionary multi-objective and dynamic optimization -- Data mining -- Cloud computing and multiagent systems -- Everywhere connectivity. 
520 |a This two-volume set (CCIS 873 and CCIS 874) constitutes the thoroughly refereed proceedings of the 9th International Symposium, ISICA 2017, held in Guangzhou, China, in November 2017. The 101 full papers presented in both volumes were carefully reviewed and selected from 181 submissions. This first volume is organized in topical sections on neural networks and statistical learning: neural architecture search, transfer of knowledge; evolutionary multi-objective and dynamic optimization: optimal control and design, hybrid methods; data mining: association rule learning, data management platforms; Cloud computing and multiagent systems: service models, Cloud engineering; everywhere connectivity: IoT solutions, wireless sensor networks. 
650 0 |a Artificial intelligence. 
650 0 |a Algorithms. 
650 0 |a Data mining. 
650 0 |a Computer communication systems. 
650 1 4 |a Artificial Intelligence.  |0 http://scigraph.springernature.com/things/product-market-codes/I21000 
650 2 4 |a Algorithm Analysis and Problem Complexity.  |0 http://scigraph.springernature.com/things/product-market-codes/I16021 
650 2 4 |a Data Mining and Knowledge Discovery.  |0 http://scigraph.springernature.com/things/product-market-codes/I18030 
650 2 4 |a Computer Communication Networks.  |0 http://scigraph.springernature.com/things/product-market-codes/I13022 
700 1 |a Li, Kangshun.  |e editor.  |4 edt  |4 http://id.loc.gov/vocabulary/relators/edt 
700 1 |a Li, Wei.  |e editor.  |4 edt  |4 http://id.loc.gov/vocabulary/relators/edt 
700 1 |a Chen, Zhangxing.  |e editor.  |4 edt  |4 http://id.loc.gov/vocabulary/relators/edt 
700 1 |a Liu, Yong.  |e editor.  |4 edt  |4 http://id.loc.gov/vocabulary/relators/edt 
710 2 |a SpringerLink (Online service) 
773 0 |t Springer eBooks 
776 0 8 |i Printed edition:  |z 9789811316470 
776 0 8 |i Printed edition:  |z 9789811316494 
830 0 |a Communications in Computer and Information Science,  |x 1865-0929 ;  |v 873 
856 4 0 |u https://doi.org/10.1007/978-981-13-1648-7  |z Full Text via HEAL-Link 
912 |a ZDB-2-SCS 
950 |a Computer Science (Springer-11645)